[Event "Hong Kong op"]
[Site "Hong Kong"]
[Date "2023.12.28"]
[Round "8"]
[White "Tsai, Sophie Yi Hsuan"]
[Black "Poon, Yu"]
[Result "1-0"]
[WhiteElo "1365"]
[BlackElo "1578"]
[PlyCount "45"]
[EventDate "2023.12.24"]
[EventType "swiss"]
[EventRounds "9"]
[EventCountry "HKG"]
[SourceTitle "CB01_2024"]
[SourceDate "2024.01.03"]
[SourceVersion "1"]
[SourceVersionDate "2024.01.03"]
[SourceQuality "1"]

1. e4 c5 2. Nf3 e6 3. d4 cxd4 4. Nxd4 Nc6 5. Be2 Nf6 6. Nc3 Qc7 7. Nxc6 bxc6 8. Be3 Bb4 9. Qd3 0-0 10. 0-0 d5 11. exd5 cxd5 12. Nb5 Qe7 13. Bg5 a6 14. Nd4 Bb7 15. Qg3 Kh8 16. c3 Ba5 17. Bd3 Rg8 18. Qh4 h5 19. Rfe1 Qd7 20. Re5 Bc7 21. Bxf6 gxf6 22. Qxf6+ Rg7 23. Rg5 1-0

[Event "Hong Kong op"]
[Site "Hong Kong"]
[Date "2023.12.27"]
[Round "7"]
[White "Tisado, Janmyl Dilan"]
[Black "Poon, Yu"]
[Result "1-0"]
[WhiteElo "1828"]
[BlackElo "1578"]
[PlyCount "117"]
[EventDate "2023.12.24"]
[EventType "swiss"]
[EventRounds "9"]
[EventCountry "HKG"]
[SourceTitle "CB01_2024"]
[SourceDate "2024.01.03"]
[SourceVersion "1"]
[SourceVersionDate "2024.01.03"]
[SourceQuality "1"]

1. Nf3 Nf6 2. c4 g6 3. g3 Bg7 4. Bg2 0-0 5. 0-0 c6 6. b3 Ne4 7. d4 d5 8. Bb2 b6 9. Nbd2 Bb7 10. Nxe4 dxe4 11. Ng5 e5 12. Nxe4 exd4 13. c5 Na6 14. Nd6 Nxc5 15. Nxb7 Nxb7 16. Bxc6 Rb8 17. Re1 Nc5 18. Qd2 Ne6 19. Red1 Qe7 20. b4 b5 21. a4 a6 22. axb5 axb5 23. Ra5 Rb6 24. Bxb5 Rfb8 25. Bd3 Qxb4 26. Qxb4 Rxb4 27. Ba3 Rb3 28. Ra1 Bf8 29. Bc1 Kg7 30. Ra7 Bc5 31. Rd7 R3b7 32. Rd5 Bb4 33. Ra4 Rc7 34. Bb2 Bc3 35. Ba3 Rbb7 36. Bd6 Rd7 37. Bc4 Kf6 38. Ra8 Bb4 39. Be5+ Ke7 40. Rxd7+ Rxd7 41. Bb5 Rd8 42. Ra7+ Kf8 43. Bc4 Be7 44. g4 h5 45. gxh5 gxh5 46. Ra6 f6 47. Bg3 Nc5 48. Ra5 Kg7 49. Ra7 Kf8 50. Bf4 d3 51. Bh6+ Ke8 52. exd3 Nxd3 53. Ra5 Nc5 54. Be3 Rc8 55. Be2 h4 56. Bg4 Rc7 57. Ra8+ Bd8 58. Kg2 Ne4 59. Bb6 1-0

[Event "Hong Kong op"]
[Site "Hong Kong"]
[Date "2023.12.26"]
[Round "4"]
[White "Wang, Cong"]
[Black "Poon, Yu"]
[Result "0-1"]
[WhiteElo "1945"]
[BlackElo "1578"]
[PlyCount "91"]
[EventDate "2023.12.24"]
[EventType "swiss"]
[EventRounds "9"]
[EventCountry "HKG"]
[SourceTitle "CB01_2024"]
[SourceDate "2024.01.03"]
[SourceVersion "1"]
[SourceVersionDate "2024.01.03"]
[SourceQuality "1"]

1. e4 c5 2. c3 Nf6 3. e5 Nd5 4. d4 cxd4 5. Nf3 d6 6. cxd4 Nc6 7. Bc4 Nb6 8. Bb5 Bd7 9. exd6 e6 10. 0-0 Bxd6 11. Nc3 Nb4 12. Bxd7+ Qxd7 13. Qe2 0-0 14. Be3 Rac8 15. Rac1 N6d5 16. Nxd5 Nxd5 17. a3 a5 18. Ne5 Qa4 19. Nd3 b6 20. Rfd1 Be7 21. Ne5 Bf6 22. Qd3 Rfd8 23. Re1 Rxc1 24. Rxc1 h5 25. Qe2 Nxe3 26. fxe3 Bxe5 27. dxe5 Qe4 28. Rc3 Qxe5 29. Qc2 g6 30. h3 Kg7 31. Kf2 h4 32. Kg1 Qd5 33. Kh2 Qe5+ 34. Kg1 b5 35. b4 axb4 36. axb4 Ra8 37. Qb2 Kh7 38. Qc1 Ra2 39. Ra3 Re2 40. Ra7 Qg3 41. Rxf7+ Kg8 42. Rf8+ Kg7 43. Rf7+ Kh6 44. e4+ g5 45. Rf6+ Kh5 46. Qf1 0-1

[Event "World ol U16"]
[Site "Eindhoven"]
[Date "2023.08.14"]
[Round "3.29"]
[White "Poon, Yu"]
[Black "Strong, Davida"]
[Result "1-0"]
[WhiteElo "1419"]
[BlackElo "1379"]
[PlyCount "69"]
[EventDate "2023.08.13"]
[EventType "team-swiss"]
[EventRounds "9"]
[EventCountry "NED"]
[SourceTitle "CBM 215 Extra"]
[Source "ChessBase"]
[SourceDate "2023.09.30"]
[SourceVersion "1"]
[SourceVersionDate "2023.09.30"]
[SourceQuality "1"]
[WhiteTeam "Hong Kong"]
[BlackTeam "South Africa II"]
[WhiteTeamCountry "HKG"]
[BlackTeamCountry "RSA"]

1. e4 e6 2. d4 d5 3. e5 c5 4. c3 Nc6 5. Nf3 cxd4 6. cxd4 Nge7 7. Bd3 Qb6 8. Nc3 Bd7 9. Be3 Ng6 10. 0-0 a6 11. h4 Rc8 12. h5 Nge7 13. Ng5 h6 14. Nh7 Na5 15. Nxf8 Kxf8 16. Qf3 Nc4 17. Ne2 Nc6 18. Bxc4 dxc4 19. d5 Qxb2 20. dxc6 Bxc6 21. Qg4 Qxe5 22. Nd4 Qe4 23. Qg3 Kg8 24. Nxc6 Qxc6 25. Bd4 Rh7 26. Rad1 Qb5 27. Bc3 Re8 28. Qc7 g6 29. Rd7 gxh5 30. Rfd1 e5 31. Re7 Rxe7 32. Qxe7 Kg7 33. Bxe5+ Kg8 34. Rd8+ Qe8 35. Qxe8# 1-0